000 00362nam a2200145Ia 4500
008 210719s1929 xx 000 0 und d
041 _aeng
082 _a820.12 TAGC
100 _aTAGORE (Rabindranath)
245 _aCrescent moon.
260 _aLondon
_bMacmillan & Co. Ltd.
_c1929
300 _axii,82
_bHB
365 _cRs
650 _aIndian English Poetry
999 _c214095
_d214095